Welcome to the Holygrace Academy Library

Please use search bar below to get started

OLD SHOES, NEW SHOES (Record no. 4117)

MARC details
000 -LEADER
fixed length control field 00276nam a22001217a 4500
020 ## - INTERNATIONAL STANDARD BOOK NUMBER
ISBN 0-7214-2043-5
082 ## - DEWEY DECIMAL CLASSIFICATION NUMBER
Classification number 823
Item number JEA
100 ## - MAIN ENTRY--AUTHOR NAME
Personal name ADAMSON, GARETH
245 ## - TITLE STATEMENT
Title OLD SHOES, NEW SHOES
Remainder of title TOPSY+TIM
260 ## - PUBLICATION, DISTRIBUTION, ETC. (IMPRINT)
Place of publication UK
Name of publisher LADYBIRD
650 ## - SUBJECT ADDED ENTRY--TOPICAL TERM
Topical Term ENGLISH SHORT STORY
Geographic subdivision UK
942 ## - ADDED ENTRY ELEMENTS (KOHA)
Koha item type Books
Holdings
Withdrawn status Lost status Collection code Home library Current library Shelving location Date acquired Source of acquisition Full call number Accession Number Koha item type
    Fiction Main Library Main Library SHELF-3-H-LADYBIRD STORY BOOKS 07/05/2014 PURCHASE 823 JEA 08719 Books